000 00597nam a2200229Ia 4500
003 OSt
005 20220924132242.0
006 a|||||r|||| 00| 0
007 ta
008 220923b |||||||| |||| 00| 0 hin d
024 _a39047
037 _cTextual
040 _aARTS
_cARTS
_bhin
041 _2hin
_ahin
082 _aO15:12:90W:28, 152L0
100 _aDikshit P K
_9203896
245 0 _aMahabharata mein rajya vyavastha
260 _c1970
650 _aENGLISH LITERATURE
942 _hO15:12:90W:28, 152L0
_cTEXL
_2CC
999 _c429774
_d429774